Физика Земли: учебное пособие
| Autor principal: | |
|---|---|
| Autor Corporativo: | |
| Sumario: | Заглавие с титульного экрана В пособии излагаются физические представления о происхождении и эволюции Земли, её гравитационное, магнитное и тепловые поля. Приводятся характеристика Земли как планеты, её взаимоотношения с другими космическими телами, современные физические модели внутреннего строения Земли, физическое содержание процессов в её недрах, механизмы тектоники литосферных плит. Предназначено для студентов вузов, обучающихся по специальностям 130102 "Технология геологической разведки" и 130101 "Прикладная геология". Режим доступа: из корпоративной сети ТПУ |
| Lenguaje: | ruso |
| Publicado: |
Томск, Изд-во ТПУ, 2012
|
| Edición: | 2-е изд. |
| Materias: | |
| Acceso en línea: | http://www.lib.tpu.ru/fulltext2/m/2013/m080.pdf |
| Formato: | Electrónico Libro |
| KOHA link: | https://koha.lib.tpu.ru/cgi-bin/koha/opac-detail.pl?biblionumber=235220 |
MARC
| LEADER | 00000nlm0a2200000 4500 | ||
|---|---|---|---|
| 001 | 235220 | ||
| 005 | 20231101231401.0 | ||
| 035 | |a (RuTPU)RU\TPU\book\256350 | ||
| 090 | |a 235220 | ||
| 100 | |a 20130405d2012 m y0rusy50 ca | ||
| 101 | 0 | |a rus | |
| 102 | |a RU | ||
| 105 | |a a j 001zy | ||
| 135 | |a drgn ---uucaa | ||
| 181 | 0 | |a i | |
| 182 | 0 | |a b | |
| 200 | 1 | |a Физика Земли |b Электронный ресурс |e учебное пособие |f Г. Г. Номоконова |g Национальный исследовательский Томский политехнический университет (ТПУ), Институт природных ресурсов (ИПР), Кафедра геофизики (ГЕОФ) | |
| 203 | |a Текст |c электронный | ||
| 205 | |a 2-е изд. | ||
| 210 | |a Томск |c Изд-во ТПУ |d 2012 | ||
| 230 | |a 1 компьютерный файл (pdf; 2.9 MB) | ||
| 300 | |a Заглавие с титульного экрана | ||
| 330 | |a В пособии излагаются физические представления о происхождении и эволюции Земли, её гравитационное, магнитное и тепловые поля. Приводятся характеристика Земли как планеты, её взаимоотношения с другими космическими телами, современные физические модели внутреннего строения Земли, физическое содержание процессов в её недрах, механизмы тектоники литосферных плит. Предназначено для студентов вузов, обучающихся по специальностям 130102 "Технология геологической разведки" и 130101 "Прикладная геология". | ||
| 333 | |a Режим доступа: из корпоративной сети ТПУ | ||
| 337 | |a Adobe Reader | ||
| 451 | 1 | |0 (RuTPU)RU\TPU\book\162934 |t Физика Земли |o учебное пособие |f Г. Г. Номоконова |g Томский политехнический университет (ТПУ) |c Томск |n Изд-во ТПУ |d 2007 |s Учебники Томского политехнического университета |a Номоконова, Галина Георгиевна | |
| 606 | 1 | |a Земля |x Физика |2 stltpush |3 (RuTPU)RU\TPU\subj\11740 |9 38647 | |
| 610 | 1 | |a электронный ресурс | |
| 610 | 1 | |a учебные пособия | |
| 610 | 1 | |a труды учёных ТПУ | |
| 610 | 1 | |a физические свойства | |
| 610 | 1 | |a гравитационное поле | |
| 610 | 1 | |a сейсмичность | |
| 610 | 1 | |a геотермический режим | |
| 610 | 1 | |a внутреннее строение | |
| 610 | 1 | |a литосферные плиты | |
| 610 | 1 | |a магнитное поле | |
| 610 | 1 | |a тектоника | |
| 610 | 1 | |a Земля | |
| 610 | 1 | |a радиоактивность | |
| 675 | |a 550.3(075.8) |v 3 | ||
| 700 | 1 | |a Номоконова |b Г. Г. |c геолог |c доцент Томского политехнического университета, кандидат геолого-минералогических наук |f 1942- |g Галина Георгиевна |2 stltpush |3 (RuTPU)RU\TPU\pers\18578 | |
| 712 | 0 | 2 | |a Национальный исследовательский Томский политехнический университет (ТПУ) |b Институт природных ресурсов (ИПР) |b Кафедра геофизики (ГЕОФ) |h 254 |2 stltpush |3 (RuTPU)RU\TPU\col\18667 |
| 801 | 1 | |a RU |b 63413507 |c 20130405 | |
| 801 | 2 | |a RU |b 63413507 |c 20130419 |g RCR | |
| 856 | 4 | |u http://www.lib.tpu.ru/fulltext2/m/2013/m080.pdf | |
| 900 | |a Физика Земли | ||
| 900 | |a Науки о Земле | ||
| 942 | |c CF | ||